Mảnh đất yêu thương: Kí

Đã lưu trong:
書目詳細資料
主要作者: Dũng Hà
格式: 圖書
語言:Undetermined
出版: Hà Nội Quân dội nhân dân 1978
主題:
標簽: 添加標簽
沒有標簽, 成為第一個標記此記錄!
Thư viện lưu trữ: Trung tâm Học liệu Trường Đại học Cần Thơ
LEADER 00525nam a2200181Ia 4500
001 CTU_10481
008 210402s9999 xx 000 0 und d
082 |a 895.9223 
082 |b D513m 
100 |a Dũng Hà 
245 0 |a Mảnh đất yêu thương: Kí 
245 0 |c Dũng Hà 
260 |a Hà Nội 
260 |b Quân dội nhân dân 
260 |c 1978 
650 |a vietnamese literature 
904 |i Nguyễn Quang Điền, 961009 
980 |a Trung tâm Học liệu Trường Đại học Cần Thơ